000 00634nam a2200217Ia 4500
003 OSt
005 20230330154602.0
008 210423s2009 xx 000 0 und d
020 _a8173814813
040 _cAL
041 _aeng
082 _a657.95 PAUS
100 _aPAUL (S Kr);PAUL (Chandrani).
_980410
245 _aCorporate accounting: comprehensive coverage of corporate accounting. V1.
260 _aLondon
_bNew Central Book Agency
_c2009
300 _axxviii,13.116
_bPB
365 _b295
_cINR
440 _v1
906 _aaccounting. ; accounting: ; comprehensive ; Corporate ; coverage ; V1.
942 _2ddc
_cBK
999 _c157624
_d157624